English county historians : first series /

Bibliographic Details
Other Authors: Simmons, Jack, 1915-2000
Format: Book
Language:English
Published: Wakefield : EP Publishing, 1978.
Subjects:

MARC

Tag First Indicator Second Indicator Subfields
LEADER 00000cam a2200000 i 4500
001 in00000060246
005 20151008051616.0
008 790725s1978 enka b 00100ceng
010 |a  79310187  
015 |a GB*** 
020 |a 0715813099 :  |c 10.00 
035 |a (OCoLC)05404779 
035 |9 AAG8941AM 
040 |a DLC  |c DLC  |d TXA  |d UtOrBLW 
049 |a TXAM  |c [981101] 
050 0 0 |a DA3.A1  |b E53 
082 0 |a 942/.007/2022 
245 0 0 |a English county historians :  |b first series /  |c edited by Jack Simmons. 
264 1 |a Wakefield :  |b EP Publishing,  |c 1978. 
300 |a viii, 246 pages :  |b illustrations ;  |c 21 cm. 
336 |a text  |b txt  |2 rdacontent 
337 |a unmediated  |b n  |2 rdamedia 
338 |a volume  |b nc  |2 rdacarrier 
504 |a Includes bibliographical references and index. 
650 0 |a Historians  |z Great Britain  |v Biography. 
651 0 |a England  |x History, Local. 
700 1 |a Simmons, Jack,  |d 1915-2000. 
999 |a MARS 
999 f f |s 460f6122-6ec5-3f03-a90c-f82ed27100a1  |i a9611263-e09c-3a88-a242-27d677adfb61  |t 0 
952 f f |p normal  |a Texas A&M University  |b College Station  |c Sterling C. Evans Library  |d Evans: Library Stacks  |t 0  |e DA3.A1 E53  |h Library of Congress classification  |i unmediated -- volume  |m A14801904741 
998 f f |a DA3.A1 E53  |t 0  |l Evans: Library Stacks